000 00443nam a2200145Ia 4500
008 151213s9999 xx 000 0 und d
100 _aআল মাহমুদ।
245 _aসোনালী কাবিন।
_cআল মাহমুদ।
260 _aঢাকা
_bপ্রগতি।
_c1973
300 _a8440 p.
650 _aBangla
650 _aBengali Literature
700 _aআল মাহমুদ।
999 _c4278
_d4278